Central Library OPAC University of Rajshahi

In the land of the pharaohs, a history of Egypt from the fall of Ismail. (Record no. 73782)

MARC details
000 -LEADER
fixed length control field 00727nam a22002653 4500
001 - CONTROL NUMBER
control field 73782
003 - CONTROL NUMBER IDENTIFIER
rucl marc code BD-RjUL
005 - DATE AND TIME OF LATEST TRANSACTION
control field 20211209082439.0
008 - FIXED-LENGTH DATA ELEMENTS--GENERAL INFORMATION
fixed length control field 19 s1911 enk 000 0
035 ## - SYSTEM CONTROL NUMBER
System control number (BD-RjUL)74000
040 ## - CATALOGING SOURCE
Original cataloging agency BD-RjUL
Language of cataloging eng
Transcribing agency BD-RjUL
041 ## - LANGUAGE CODE
Language code of text/sound track or separate title eng
082 ## - DEWEY DECIMAL CLASSIFICATION NUMBER
Edition number 23
Classification number 962.04
Author mark and year MOI 1911
092 ## - LOCALLY ASSIGNED DEWEY CALL NUMBER (OCLC)
Classification number QB102
100 1# - MAIN ENTRY--PERSONAL NAME
Personal name Muḥammad, Duse
9 (RLIN) 228346
245 10 - TITLE STATEMENT
Title In the land of the pharaohs, a history of Egypt from the fall of Ismail.
250 ## - EDITION STATEMENT
Edition statement 1st ed.
260 ## - PUBLICATION, DISTRIBUTION, ETC. (IMPRINT)
Place of publication, distribution, etc. london :
Name of publisher, distributor, etc. Stanley paul,
Date of publication, distribution, etc. 1911
300 ## - PHYSICAL DESCRIPTION
Pagination vi, 380 p. ;
Size 23 cm
500 ## - GENERAL NOTE
General note Includes Index
690 00 - LOCAL SUBJECT ADDED ENTRY--TOPICAL TERM (OCLC, RLIN)
Topical term or geographic name as entry element History
Geographic subdivision Egypt
752 ## - ADDED ENTRY--HIERARCHICAL PLACE NAME
Country or larger entity England
City London
942 ## - ADDED ENTRY ELEMENTS (KOHA)
Source of classification or shelving scheme Dewey Decimal Classification
Koha item type Books
Holdings
Lost status Source of classification or shelving scheme Damaged status Not for loan Collection code Permanent Location Current Location Shelving location Date acquired Source of acquisition Cost, normal purchase price Total Checkouts Full call number Date last seen Copy number Koha item type
  Dewey Decimal Classification   Not For Loan Non-fiction Central Library, University of Rajshahi Central Library, University of Rajshahi Reading Room 07/01/1965 A 9 casrd 7.03   962.04 MOI 1911 17/02/2019 C-1 Books